00737nam a2200253 a 4500001001300000003000900013005001700022008004100039020002300080082001300103100002300116245004100139260004400180300000900224500003500233505001000268650002400278650001200302700002300314902000800337942000700345952011400352999001700466nice12345678IN_TiNIC20260116013709.0050524s1997 lona grp 000 0 eng  a0191892 c25000a306bCHA aChaudhari, Nirad C aThree Housemen of the New Apocalypse aLondan bOxford University Press c1997 a137p aincludes index and biblioraphy2 aIndex aPhilosophy-Hinduism aCulture1 aChaudhari, Nirad C bSRS cBK 001040708StackRoom-aHMIbHMId2007-03-30g250.00l0o306 CHAp017480r2007-03-30v250.00w2005-05-24yBK c12015d12015